000 nam a22 4500
999 _c144022
_d144020
005 20180905124533.0
008 180905b mx ||||| |||| 00| 0 spa d
050 0 4 _aTK1428
_bP53 1980
245 0 0 _aPlanta Hidroeléctrica Chicoasen de Moreno de Torres
_c/Comisión Federal de Electricidad, Gobierno de la república Mexicana
250 _a1a ed.
260 _aMéxico :
_bComisión Federal de Electricidad,
260 _bGobierno de la República Mexicana,
_c1980
300 _a78 p. :
_bil.;
_c25 cm.
650 7 _2lemb
_aPlanta Hidroeléctrica
_zChiapas (México)
710 2 _aComisión Federal de Electricidad,
_bGobierno de la República Mexicana
942 _2lcc
_cLIB